|
|
|
|
| LEADER |
01095nam a2200265 a 4500 |
| 001 |
3505055 |
| 008 |
100210s1996 nyua b 001 0 eng d |
| 010 |
|
|
|a 95014186
|
| 020 |
|
|
|a 0673523446
|
| 040 |
|
|
|a DLC
|c DLC
|d DLC
|
| 082 |
0 |
0 |
|a 808/.0427
|2 20
|
| 245 |
0 |
0 |
|a Literature for composition :
|b essays, fiction, poetry, and drama /
|c edited by Sylvan Barnet ... [et al.].
|
| 250 |
|
|
|a 4th ed.
|
| 260 |
|
|
|a New York, NY :
|b HarperCollinsCollege,
|c c1996.
|
| 300 |
|
|
|a xxviii, 1363 p. :
|b ill. (some col.) ;
|c 24 cm.
|
| 504 |
|
|
|a Includes bibliographical references and indexes.
|
| 541 |
1 |
|
|e 00013067
|
| 650 |
|
0 |
|a College readers.
|
| 650 |
|
0 |
|a English language
|x Rhetoric
|x Problems, exercises, etc.
|
| 650 |
|
0 |
|a Criticism
|x Authorship
|x Problems, exercises, etc.
|
| 650 |
|
0 |
|a Academic writing
|x Problems, exercises, etc.
|
| 700 |
1 |
|
|a Barnet, Sylvan.
|
| 852 |
4 |
|
|a Ayesha Abed Library
|j General shelf
|
| 999 |
|
|
|c 7474
|d 7474
|
| 952 |
|
|
|0 0
|1 0
|2 ddc
|4 0
|6 808_042700000000000_LIT
|7 0
|9 8039
|a BRACUL
|b BRACUL
|c GEN
|d 2010-02-11
|g 2357.00
|l 6
|m 89
|o 808.0427 LIT
|p 3010013067
|r 2024-10-28
|s 2024-04-30
|t 1
|w 2010-02-11
|y BK
|